000 00497nam a2200205Ia 4500
003 OSt
005 20221005123534.0
006 a|||||r|||| 00| 0
007 ta
008 221004b |||||||| |||| 00| 0 eng d
024 _a59247
037 _cTextual
040 _aCRL
_cCRL
_beng
041 _2eng
_aeng
082 _aU2:52, 121J7.1
245 0 _aL'italia first word. V1.Fisica
650 _aGEOGRAPHY
942 _hU2:52, 121J7.1
_cTEXL
_2cc
999 _c1047729
_d1047729